| 000 | 00856nam a2200289Mi 4500 | ||
|---|---|---|---|
| 001 | 50653 | ||
| 005 | 20230411090004.0 | ||
| 008 | 060705s2006 sp 000 0 spa d | ||
| 035 | _a(OCoLC)ocm70768246 | ||
| 040 |
_aPL# _bspa _cPL# |
||
| 020 | _a8496280497 | ||
| 020 | _a9788496280496 | ||
| 029 | 0 |
_aPL# _b060001643 |
|
| 035 | _a(OCoLC)70768246 | ||
| 049 | _aGRAL | ||
| 100 | 1 | _aRoyo-Villanova, Jaime. | |
| 245 | 1 | 0 |
_aPorfirio Rubirosa : _bel último playboy / _cJaime Royo-Villanova. |
| 250 | _a1. ed. | ||
| 260 |
_aMadrid : _bEspejo de Tinta Ediciones, _c2006. |
||
| 300 |
_a309 p., [4] h. de lám. ; _c25 cm. |
||
| 653 |
_aLiteratura española _aNovelas _aSiglo XX |
||
| 653 |
_aNovela española _aSiglo XX |
||
| 653 | _aRubirosa, Porfirio | ||
| 938 |
_aPuvill Libros _bPUVL _n8496280497 _c$30.21 |
||
| 942 |
_2lcc _cbk |
||
| 994 |
_aC0 _bDRFGD |
||
| 999 |
_c110491 _d110491 |
||